[Event "Wch-Rapid"]
[Site "Almaty KAZ"]
[Date "2022.12.27"]
[Round "8"]
[White "Narayanan.S.L"]
[Black "Hambleton, Aman"]
[Result "1/2-1/2"]
[WhiteElo "2605"]
[BlackElo "2450"]
[PlyCount "212"]
[EventDate "2022.12.26"]
[EventType "swiss (rapid)"]
[EventRounds "13"]
[EventCountry "KAZ"]
[Source "ChessMix"]
[SourceDate "2023.01.01"]

1. d4 Nf6 2. c4 e6 3. Nc3 Bb4 4. e3 O-O 5. Bd3 c5 6. Nge2 d5 7. a3 dxc4 8. Bxc4
Bxc3+ 9. bxc3 Nc6 10. O-O e5 11. a4 cxd4 12. cxd4 exd4 13. Nxd4 Nxd4 14. exd4
Be6 15. Bxe6 fxe6 16. Bf4 Nd5 17. Be5 Rc8 18. Qg4 Qd7 19. Rfe1 Qf7 20. Bg3 Qf5
21. Qe2 Rfe8 22. h3 h6 23. Qb5 Qf7 24. Ra3 Rc3 25. Rxc3 Nxc3 26. Qa5 Rc8 27.
Qxa7 Qd7 28. Qb6 Rc6 29. Qb3 Nd5 30. a5 Ra6 31. Rb1 b6 32. axb6 Rxb6 33. Qc2
Rxb1+ 34. Qxb1 Qf7 35. Be5 Ne7 36. Qb8+ Kh7 37. Qc7 Kg8 38. f3 Nd5 39. Qxf7+
Kxf7 40. Kf2 Ne7 41. g4 g6 42. Bf4 Kg7 43. Ke3 Nd5+ 44. Ke4 h5 45. Bg5 Kf7 46.
Kd3 Nb4+ 47. Ke3 Nc2+ 48. Ke4 Nb4 49. Bd2 Nd5 50. Kd3 Kf6 51. Ke4 Kf7 52. Bg5
Nb4 53. Bd8 Nd5 54. Ke5 Nb4 55. Kf4 Nc6 56. Bb6 Kf6 57. Bc5 Na5 58. Bd6 g5+ 59.
Ke4 hxg4 60. fxg4 Nc4 61. Be5+ Kf7 62. Bc7 Kf6 63. Kd3 Nb2+ 64. Kc2 Nc4 65.
Bd8+ Kg6 66. Kd3 Nb2+ 67. Ke4 Nc4 68. Be7 Nd2+ 69. Ke3 Nc4+ 70. Kd3 Nb6 71. Bc5
Nd5 72. Bd6 Kf7 73. Be5 Ne7 74. Bg3 Nd5 75. Ke4 Nf6+ 76. Kf3 Nd5 77. Be1 Kf6
78. Ba5 Ke7 79. Be1 Kf6 80. Bd2 Ne7 81. Ke4 Nd5 82. Ba5 Ke7 83. Ke5 Nf4 84. Bd2
Ng6+ 85. Ke4 Kf6 86. Ba5 Ke7 87. Bc7 Nf8 88. d5 exd5+ 89. Kxd5 Ne6 90. Bd6+ Kf6
91. Be5+ Kf7 92. Ke4 Kg6 93. Bd6 Kf6 94. Bb4 Nc7 95. Bd6 Ne6 96. Kd5 Kf7 97.
Be5 Nf8 98. Bc3 Ne6 99. Bd2 Kf6 100. Be3 Nc7+ 101. Kd6 Ne6 102. Bc1 Nf4 103. h4
gxh4 104. Bxf4 h3 105. Kd5 h2 106. Bxh2 Kg5 1/2-1/2

[Event "Titled Tuesday 2022.12.20 Late"]
[Site "chess.com INT"]
[Date "2022.12.20"]
[Round "2"]
[White "Hambleton, Aman"]
[Black "Skotheim, Andreas"]
[Result "0-1"]
[WhiteElo "2437"]
[BlackElo "2228"]
[PlyCount "108"]
[EventDate "2022.12.20"]
[EventType "swiss (blitz)"]
[EventRounds "11"]
[EventCountry "NET"]
[Source "Mark Crowther"]
[SourceDate "2022.12.26"]

1. d4 Nf6 2. Bf4 d5 3. e3 c5 4. c3 Nc6 5. Nd2 e6 6. Ngf3 cxd4 7. exd4 Nh5 8.
Be3 Bd6 9. g3 f5 10. Ne5 Nf6 11. Ndf3 O-O 12. Bd3 Qc7 13. Bf4 Bd7 14. Qe2 Ne4
15. Nxc6 bxc6 16. Bxd6 Qxd6 17. Ne5 a5 18. f3 Ng5 19. O-O Rab8 20. Rfe1 Rfe8
21. Kg2 Rb7 22. Nxd7 Qxd7 23. Bxf5 Qf7 24. Bd3 Rxb2 25. f4 Rxe2+ 26. Rxe2 Ne4
27. Bxe4 dxe4 28. Rxe4 Qd7 29. Rae1 Qd5 30. R1e2 Qc4 31. R4e3 a4 32. h4 Kf7 33.
h5 g6 34. h6 a3 35. Kh3 Rb8 36. g4 Rb2 37. Re1 Qd5 38. Kh4 Qd8+ 39. Kh3 Qd5 40.
Rg1 Rxa2 41. f5 exf5 42. gxf5 Qxf5+ 43. Kh4 Qh5+ 44. Kg3 Qh2+ 45. Kf3 Qxg1 46.
Ke4 Qg4+ 47. Ke5 Qf5+ 48. Kd6 Qd5+ 49. Kc7 Rb2 50. c4 Qxd4 51. Rf3+ Ke6 52. Rf8
Qb6+ 53. Kc8 Qb7+ 54. Kd8 Qd7# 0-1

[Event "Titled Tuesday 2022.12.20 Late"]
[Site "chess.com INT"]
[Date "2022.12.20"]
[Round "4"]
[White "Milosevic, Milos"]
[Black "Hambleton, Aman"]
[Result "0-1"]
[WhiteElo "2377"]
[BlackElo "2437"]
[PlyCount "133"]
[EventDate "2022.12.20"]
[EventType "swiss (blitz)"]
[EventRounds "11"]
[EventCountry "NET"]
[Source "Mark Crowther"]
[SourceDate "2022.12.26"]

1. d4 Nf6 2. Nc3 b6 3. e4 Bb7 4. d5 e6 5. dxe6 dxe6 6. Qxd8+ Kxd8 7. Bg5 h6 8.
O-O-O+ Nbd7 9. Bh4 g5 10. Bg3 Nxe4 11. Bb5 Nd6 12. Nf3 a6 13. Ba4 b5 14. Bb3
Bg7 15. a4 b4 16. Ne2 Ke7 17. Ned4 Nc5 18. Rhe1 Rhd8 19. Ne5 Bxe5 20. Bxe5
Nxb3+ 21. Nxb3 Bxg2 22. Nc5 Kf8 23. h4 gxh4 24. Bf6 h3 25. Re3 Ne8 26. Bxd8 h2
27. Bh4 h1=Q 28. Rxh1 Bxh1 29. Rg3 f6 30. Nd7+ Kf7 31. Nc5 a5 32. Nd3 Be4 33.
Nf4 e5 34. Ne2 Nd6 35. Re3 Bc6 36. Ng3 Bxa4 37. Rf3 f5 38. Nxf5 Ke6 39. Ng7+
Kd7 40. Rf6 Ne8 41. Rf7+ Kc6 42. Nf5 Nd6 43. Ne7+ Kb7 44. Rf6 e4 45. Rxh6 Rf8
46. Bg3 Nf5 47. Nxf5 Rxf5 48. Rh7 Rc5 49. Kb1 Bxc2+ 50. Ka2 a4 51. b3 Bxb3+ 52.
Kb2 Bd5 53. Bd6 a3+ 54. Kb1 a2+ 55. Kb2 Rc1 56. Rxc7+ Rxc7 57. Bxc7 Kxc7 58.
Ka1 Kd6 59. Kb2 Ke5 60. Ka1 Kf4 61. Kb2 Kf3 62. Ka1 Kxf2 63. Kb2 e3 64. Ka1 e2
65. Kb2 Ke3 66. Ka1 e1=Q+ 67. Kb2 0-1

[Event "Titled Tuesday 2022.11.29 Early"]
[Site "chess.com INT"]
[Date "2022.11.29"]
[Round "4"]
[White "Hambleton, Aman"]
[Black "Silva, Mi3"]
[Result "1-0"]
[WhiteElo "2437"]
[BlackElo "2213"]
[PlyCount "69"]
[EventDate "2022.11.29"]
[EventType "swiss (blitz)"]
[EventRounds "11"]
[EventCountry "NET"]
[Source "Mark Crowther"]
[SourceDate "2022.12.05"]

1. d4 Nf6 2. c4 e6 3. Nc3 Bb4 4. Qc2 d5 5. cxd5 exd5 6. Bg5 c6 7. e3 h6 8. Bh4
Nbd7 9. Bd3 Qe7 10. Nge2 Bd6 11. Bg3 O-O 12. O-O Re8 13. Rae1 Nf8 14. h3 Be6
15. f3 c5 16. Bxd6 Qxd6 17. Nb5 Qe7 18. Qxc5 Qd8 19. Qc7 a6 20. Qxd8 Rexd8 21.
Nbc3 Rac8 22. Rc1 N8d7 23. Kf2 Nb6 24. Rc2 g6 25. Rfc1 Kg7 26. h4 h5 27. Nf4
Ne8 28. b3 Nd6 29. Ke1 Kh6 30. Kd2 Re8 31. a4 a5 32. Nb5 Nxb5 33. Bxb5 Rxc2+
34. Rxc2 f6 35. Bxe8 1-0

[Event "Titled Tuesday 2022.11.29 Early"]
[Site "chess.com INT"]
[Date "2022.11.29"]
[Round "9"]
[White "Melian, Juan Sebastian"]
[Black "Hambleton, Aman"]
[Result "0-1"]
[WhiteElo "2150"]
[BlackElo "2437"]
[PlyCount "56"]
[EventDate "2022.11.29"]
[EventType "swiss (blitz)"]
[EventRounds "11"]
[EventCountry "NET"]
[Source "Mark Crowther"]
[SourceDate "2022.12.05"]

1. d4 Nf6 2. c4 e6 3. Nc3 Bb4 4. e3 O-O 5. Nge2 Re8 6. a3 Bf8 7. Ng3 d5 8. Be2
dxc4 9. Bxc4 c5 10. dxc5 Qxd1+ 11. Kxd1 Bxc5 12. b4 Be7 13. Bb2 a5 14. b5 Nbd7
15. Ke2 Nb6 16. Bd3 Nfd7 17. Nce4 f5 18. Nd2 Nc5 19. Nc4 Nba4 20. Bd4 Nb3 21.
Ne5 Nxa1 22. Rxa1 Bc5 23. Bxc5 Nxc5 24. Bc4 Rd8 25. Nh5 Kf8 26. Nf4 Ke7 27. h4
Bd7 28. f3 Rac8 0-1

[Event "Titled Tuesday 2022.11.29 Early"]
[Site "chess.com INT"]
[Date "2022.11.29"]
[Round "11"]
[White "Hambleton, Aman"]
[Black "Salman, P."]
[Result "0-1"]
[WhiteElo "2437"]
[BlackElo "2287"]
[PlyCount "100"]
[EventDate "2022.11.29"]
[EventType "swiss (blitz)"]
[EventRounds "11"]
[EventCountry "NET"]
[Source "Mark Crowther"]
[SourceDate "2022.12.05"]

1. d4 Nf6 2. c4 c5 3. d5 b5 4. cxb5 a6 5. bxa6 g6 6. Nc3 Bg7 7. e4 O-O 8. Bd3
Qa5 9. Nge2 Bxa6 10. O-O e6 11. dxe6 fxe6 12. Bxa6 Rxa6 13. Bf4 Nc6 14. Bd6 Rc8
15. h3 Nd4 16. e5 Ne8 17. Nxd4 cxd4 18. Ne4 Bxe5 19. b4 Qd5 20. Bxe5 Qxe5 21.
Nc5 Rxc5 22. bxc5 Qxc5 23. Rc1 Qe7 24. Rc8 e5 25. Re1 Re6 26. Qb3 Kg7 27. a4
Nd6 28. Rb8 e4 29. Qb4 d3 30. Qd4+ Qf6 31. Qxf6+ Kxf6 32. a5 d2 33. Rd1 Nc4 34.
Rb5 e3 35. fxe3 Rxe3 36. Kf2 Ra3 37. Rc5 Nd6 38. Rd5 Ne4+ 39. Kg1 Nc3 40. R1xd2
Nxd5 41. Rxd5 Ke6 42. Rb5 d5 43. Kf2 Ke5 44. h4 Ke4 45. g4 h5 46. g5 d4 47. Rb6
Rxa5 48. Rxg6 Ra2+ 49. Ke1 Kd3 50. Rd6 Rh2 0-1

[Event "US Masters"]
[Site "Charlotte USA"]
[Date "2022.11.23"]
[Round "1.6"]
[White "Hambleton, Aman"]
[Black "Deng, Henry"]
[Result "1-0"]
[WhiteElo "2437"]
[BlackElo "2087"]
[PlyCount "131"]
[EventDate "2022.11.23"]
[EventType "swiss"]
[EventRounds "9"]
[EventCountry "USA"]
[Source "ChessMix"]
[SourceDate "2022.12.01"]

1. d4 d5 2. c4 c6 3. Nf3 Nf6 4. e3 Bf5 5. Nc3 e6 6. Bd3 Bxd3 7. Qxd3 Nbd7 8.
O-O Bd6 9. e4 dxc4 10. Qxc4 e5 11. Rd1 Qc7 12. Bg5 exd4 13. Bxf6 gxf6 14. Qxd4
Be5 15. Qc4 O-O 16. g3 Rad8 17. Nh4 b5 18. Qe2 Kh8 19. Rac1 Qb6 20. Nf5 Nc5 21.
Qc2 Ne6 22. Ne2 c5 23. b3 Rfe8 24. Kg2 Qb7 25. h4 Bd4 26. f3 Rd7 27. Qd2 Red8
28. Nexd4 Nxd4 29. Qh6 Nxf5 30. Qxf6+ Kg8 31. Qg5+ Kf8 32. Rxd7 Qxd7 33. exf5
Qd2+ 34. Qxd2 Rxd2+ 35. Kh3 c4 36. bxc4 bxc4 37. Rxc4 Rxa2 38. f6 Ke8 39. Re4+
Kf8 40. Rb4 Ke8 41. g4 a5 42. Re4+ Kf8 43. Rc4 Ke8 44. Rc7 a4 45. Re7+ Kf8 46.
Ra7 Ke8 47. g5 a3 48. Re7+ Kf8 49. Ra7 Ke8 50. Kg3 Ra1 51. Kg4 a2 52. Kh5 Kd8
53. Kh6 Rh1 54. Rxa2 Rxh4+ 55. Kg7 Rf4 56. Kxf7 Rxf3 57. Rd2+ Kc7 58. Kg7 Rf5
59. f7 Rxg5+ 60. Kf6 Rg6+ 61. Ke7 Rg7 62. Rc2+ Kb7 63. Ke8 Rg5 64. f8=Q Re5+
65. Kd7 Rd5+ 66. Ke6 1-0

[Event "US Masters"]
[Site "Charlotte USA"]
[Date "2022.11.24"]
[Round "2.6"]
[White "Chen, Ryo"]
[Black "Hambleton, Aman"]
[Result "1-0"]
[WhiteElo "2269"]
[BlackElo "2437"]
[PlyCount "97"]
[EventDate "2022.11.23"]
[EventType "swiss"]
[EventRounds "9"]
[EventCountry "USA"]
[Source "ChessMix"]
[SourceDate "2022.12.01"]

1. e4 e6 2. d4 d5 3. Nd2 h6 4. Bd3 c5 5. Ngf3 Nf6 6. exd5 exd5 7. Qe2+ Be7 8.
dxc5 O-O 9. Nb3 Re8 10. Be3 Nbd7 11. Bb5 a6 12. Ba4 Ne4 13. O-O-O Nexc5 14.
Nxc5 Bxc5 15. Rxd5 b5 16. Bb3 Bxe3+ 17. fxe3 Qb6 18. Rhd1 Nc5 19. Qd2 Bb7 20.
Rd6 Nxb3+ 21. axb3 Qxe3 22. Qxe3 Rxe3 23. Rd8+ Kh7 24. Rxa8 Bxa8 25. Re1 Rxe1+
26. Nxe1 Kg6 27. Kd2 f5 28. Ke3 Kf6 29. b4 g5 30. g3 Be4 31. Nd3 Bxd3 32. Kxd3
Ke5 33. Ke3 Kd5 34. b3 Ke5 35. c4 bxc4 36. bxc4 Ke6 37. Kd4 Kd6 38. h3 Ke6 39.
c5 Kf6 40. Kd5 h5 41. Kd6 f4 42. gxf4 g4 43. hxg4 h4 44. c6 h3 45. c7 h2 46.
c8=Q h1=Q 47. Qf8+ Kg6 48. Qg8+ Kf6 49. Qg5+ 1-0

[Event "US Masters"]
[Site "Charlotte USA"]
[Date "2022.11.24"]
[Round "3.6"]
[White "Hambleton, Aman"]
[Black "Ouellet, Maili Jade"]
[Result "1-0"]
[WhiteElo "2437"]
[BlackElo "2204"]
[PlyCount "129"]
[EventDate "2022.11.23"]
[EventType "swiss"]
[EventRounds "9"]
[EventCountry "USA"]
[Source "ChessMix"]
[SourceDate "2022.12.01"]

1. d4 d5 2. c4 e6 3. Nc3 Nf6 4. cxd5 exd5 5. Bg5 Be7 6. e3 c6 7. Bd3 Nbd7 8.
Nge2 O-O 9. Qc2 Re8 10. O-O Nf8 11. f3 Be6 12. Bh4 Rc8 13. Bf2 c5 14. Qd2 Ng6
15. Rad1 a6 16. Bb1 b5 17. dxc5 Bxc5 18. Bxg6 hxg6 19. Nd4 Qc7 20. Nce2 g5 21.
Rc1 Qb8 22. h3 Bd7 23. Rc2 Bd6 24. Rxc8 Rxc8 25. Rc1 b4 26. Rxc8+ Qxc8 27. Bg3
Qc7 28. Bxd6 Qxd6 29. Nc1 Qc7 30. Nd3 a5 31. Qc1 Qb6 32. Kf2 Qa6 33. Qc2 Be8
34. Nc5 Qa7 35. Ncb3 Qb6 36. Qc5 Qxc5 37. Nxc5 Nd7 38. Nxd7 Bxd7 39. Nb3 a4 40.
Nd4 Kf8 41. Nc2 b3 42. axb3 axb3 43. Nd4 Ba4 44. Ke2 Ke7 45. Kd2 Kf6 46. Kc3
Ke5 47. Kb4 Bd7 48. Nxb3 Bc8 49. Nc5 f5 50. Nd3+ Kd6 51. Kc3 Ba6 52. Kd4 Bc8
53. b3 Ba6 54. g3 Bb5 55. h4 gxh4 56. gxh4 Ba6 57. Nf4 Bf1 58. Nh5 Be2 59. Nxg7
Bxf3 60. Nxf5+ Ke6 61. Ng3 Bd1 62. b4 Ba4 63. Ne2 Kd6 64. Nf4 Bc6 65. h5 1-0

[Event "US Masters"]
[Site "Charlotte USA"]
[Date "2022.11.25"]
[Round "4.6"]
[White "Ngo, Bach"]
[Black "Hambleton, Aman"]
[Result "1/2-1/2"]
[WhiteElo "2275"]
[BlackElo "2437"]
[PlyCount "93"]
[EventDate "2022.11.23"]
[EventType "swiss"]
[EventRounds "9"]
[EventCountry "USA"]
[Source "ChessMix"]
[SourceDate "2022.12.01"]

1. d4 Nf6 2. Nf3 e6 3. c4 b6 4. a3 Bb7 5. Nc3 d5 6. Bf4 Bd6 7. Bxd6 cxd6 8. e3
O-O 9. cxd5 Nxd5 10. Nxd5 Bxd5 11. Bd3 Nd7 12. O-O Bb7 13. Qe2 Nf6 14. e4 Rc8
15. Rfe1 Rc7 16. Qe3 Nd7 17. Rad1 Qe7 18. Nd2 a6 19. e5 dxe5 20. dxe5 b5 21. f4
Nc5 22. Ne4 Bxe4 23. Bxe4 Nxe4 24. Qxe4 Rd8 25. b4 g6 26. Qe3 Rc6 27. Rxd8+
Qxd8 28. Rc1 Rc4 29. Kf2 Qh4+ 30. Kf3 Qxh2 31. Rxc4 bxc4 32. Qd4 Qh5+ 33. Kf2
Qh4+ 34. Kf3 Qh5+ 35. Ke3 Qh4 36. Kf3 Kg7 37. Qxc4 g5 38. Qe4 g4+ 39. Ke2 Qg3
40. a4 Qb3 41. f5 exf5 42. Qxf5 Qc4+ 43. Kf2 Qxb4 44. Qg5+ Kf8 45. Qd8+ Kg7 46.
Qg5+ Kf8 47. Qd8+ 1/2-1/2

[Event "US Masters"]
[Site "Charlotte USA"]
[Date "2022.11.25"]
[Round "5.6"]
[White "Hambleton, Aman"]
[Black "Aaron, Deepak"]
[Result "1/2-1/2"]
[WhiteElo "2437"]
[BlackElo "2305"]
[PlyCount "146"]
[EventDate "2022.11.23"]
[EventType "swiss"]
[EventRounds "9"]
[EventCountry "USA"]
[Source "ChessMix"]
[SourceDate "2022.12.01"]

1. d4 e6 2. c4 Nf6 3. Nc3 Bb4 4. Qc2 O-O 5. Nf3 c5 6. dxc5 Na6 7. g3 Nxc5 8.
Bg2 Nce4 9. O-O Bxc3 10. bxc3 Qa5 11. Nd4 d5 12. cxd5 exd5 13. c4 Qc5 14. Bb2
Qxc4 15. Qxc4 dxc4 16. Rfc1 Bd7 17. Rxc4 Rac8 18. Rb4 b5 19. Bxe4 a5 20. Bxh7+
Kxh7 21. Rb3 a4 22. Rd3 b4 23. f3 Rc4 24. Bc1 Bc8 25. Bg5 Nd5 26. Bd2 Ba6 27.
Be1 Rfc8 28. Kf2 R4c5 29. Rdd1 Nc3 30. Bxc3 Rxc3 31. Rab1 R8c4 32. Rd2 Rc1 33.
Rxc1 Rxc1 34. Rb2 Rc4 35. Ke3 a3 36. Rc2 Kg6 37. h4 f5 38. g4 fxg4 39. fxg4 Kf6
40. Rd2 Ke5 41. Nf3+ Ke6 42. Nd4+ Kd5 43. h5 Rc3+ 44. Kf4 Kc4 45. e3 Rc1 46.
Rh2 Rf1+ 47. Ke5 Kd3 48. g5 Rg1 49. Kf4 Rf1+ 50. Ke5 Rg1 51. Ne6 Bc4 52. h6
gxh6 53. gxh6 Rg8 54. h7 Rh8 55. e4 Bxa2 56. Rxa2 Rxh7 57. Nf4+ Kc4 58. Nd5 Ra7
59. Nxb4 Kxb4 60. Kd6 Kb3 61. Ra1 Kb2 62. Re1 Ra6+ 63. Kd7 Ra4 64. e5 Rd4+ 65.
Kc7 Rc4+ 66. Kd7 a2 67. e6 Rd4+ 68. Ke7 a1=R 69. Rxa1 Kxa1 70. Kf7 Rf4+ 71. Kg7
Re4 72. Kf7 Rxe6 73. Kxe6 Kb2 1/2-1/2

[Event "US Masters"]
[Site "Charlotte USA"]
[Date "2022.11.26"]
[Round "6.6"]
[White "Caglar, Sila"]
[Black "Hambleton, Aman"]
[Result "1-0"]
[WhiteElo "2268"]
[BlackElo "2437"]
[PlyCount "59"]
[EventDate "2022.11.23"]
[EventType "swiss"]
[EventRounds "9"]
[EventCountry "USA"]
[Source "ChessMix"]
[SourceDate "2022.12.01"]

1. e4 c5 2. Nf3 e6 3. d4 cxd4 4. Nxd4 Nc6 5. Nc3 Qc7 6. Be3 a6 7. Qd2 Nf6 8. f3
h5 9. O-O-O b5 10. Nb3 Ne5 11. Bd4 Bb7 12. Qf2 Nc4 13. Bxc4 bxc4 14. Bb6 Qf4+
15. Nd2 Rc8 16. Qd4 Ba8 17. a4 d6 18. g3 Qe5 19. Qe3 Nd7 20. f4 Qf6 21. Rhe1
Nxb6 22. Qxb6 Be7 23. e5 dxe5 24. Nde4 Qg6 25. Nd6+ Bxd6 26. Qxd6 Bc6 27. Rxe5
Qg4 28. Ne4 Qf3 29. Ng5 Qg2 30. Rxe6+ 1-0

[Event "US Masters"]
[Site "Charlotte USA"]
[Date "2022.11.26"]
[Round "7.6"]
[White "Hambleton, Aman"]
[Black "Amburgy, Ryan"]
[Result "1-0"]
[WhiteElo "2437"]
[BlackElo "2175"]
[PlyCount "197"]
[EventDate "2022.11.23"]
[EventType "swiss"]
[EventRounds "9"]
[EventCountry "USA"]
[Source "ChessMix"]
[SourceDate "2022.12.01"]

1. d4 Nf6 2. Bf4 c5 3. e3 cxd4 4. exd4 Qb6 5. Nc3 a6 6. a3 d5 7. Be2 Bf5 8. Nf3
Nbd7 9. Rb1 e6 10. Nh4 Bg6 11. O-O Rc8 12. g3 Qc6 13. Nxg6 hxg6 14. Bd3 Be7 15.
Ne2 Nb6 16. Kg2 Nc4 17. Ng1 Ne4 18. c3 Bf6 19. Qe2 O-O 20. Rbe1 Rfe8 21. Nf3 g5
22. Bc1 g4 23. Ng1 e5 24. Bxc4 Qxc4 25. dxe5 Qxe2 26. Rxe2 Rxe5 27. Rd1 Rd8 28.
Be3 Re6 29. h3 Bxc3 30. bxc3 Nxc3 31. Bg5 gxh3+ 32. Kxh3 Rxe2 33. Nxe2 Nxd1 34.
Bxd8 Nxf2+ 35. Kg2 Ne4 36. Nf4 Nc3 37. Ba5 Nb1 38. Bb4 a5 39. Bc5 Nc3 40. Bd4
Nb5 41. Bb2 Nc7 42. Be5 Nb5 43. a4 Na7 44. Bd4 Nc6 45. Bb6 d4 46. Nd3 f5 47.
Nc5 g5 48. Nxb7 d3 49. Kf2 f4 50. gxf4 gxf4 51. Bxa5 Kf7 52. Bb6 Ke6 53. a5 Kd7
54. a6 Kc8 55. Nd6+ Kb8 56. Nb5 Ka8 57. Ke1 f3 58. Kd2 Kb8 59. Bc5 Kc8 60. Kxd3
Kd7 61. a7 Nxa7 62. Bxa7 Ke7 63. Ke4 Ke6 64. Bf2 Kd7 65. Nd4 Kd6 66. Nxf3 Ke6
67. Bg3 Kf6 68. Be5+ Kg6 69. Kf4 Kf7 70. Nd4 Ke7 71. Kf5 Kd7 72. Kf6 Kc8 73.
Ke6 Kb7 74. Kd5 Kc8 75. Kd6 Kb7 76. Bf4 Kb6 77. Bd2 Kb7 78. Ne6 Kb6 79. Nc7 Ka7
80. Be3+ Kb7 81. Bd4 Kc8 82. Kc6 Kd8 83. Bc5 Kc8 84. Ba7 Kd8 85. Nd5 Ke8 86.
Kd6 Kf7 87. Ne7 Ke8 88. Ke6 Kd8 89. Bb6+ Ke8 90. Bc7 Kf8 91. Nf5 Ke8 92. Ng7+
Kf8 93. Kf6 Kg8 94. Kg6 Kh8 95. Bd6 Kg8 96. Be7 Kh8 97. Nf5 Kg8 98. Nh6+ Kh8
99. Bf6# 1-0

[Event "US Masters"]
[Site "Charlotte USA"]
[Date "2022.11.27"]
[Round "8.6"]
[White "Hambleton, Aman"]
[Black "Arias Santana, Mauricio"]
[Result "1/2-1/2"]
[WhiteElo "2437"]
[BlackElo "2317"]
[PlyCount "158"]
[EventDate "2022.11.23"]
[EventType "swiss"]
[EventRounds "9"]
[EventCountry "USA"]
[Source "ChessMix"]
[SourceDate "2022.12.01"]

1. d4 Nf6 2. Bf4 d5 3. e3 c5 4. c3 Nc6 5. Nd2 cxd4 6. exd4 Bf5 7. Qb3 Qc8 8.
Ngf3 e6 9. Nh4 Be4 10. Nxe4 Nxe4 11. Nf3 Bd6 12. Bxd6 Nxd6 13. Bd3 Qc7 14. O-O
O-O 15. a4 Rfc8 16. Rfe1 h6 17. Qd1 a6 18. Qe2 Rab8 19. g4 Qe7 20. h4 g6 21.
Qe3 Kg7 22. Kg2 Rd8 23. g5 h5 24. Ne5 Nxe5 25. Qxe5+ Kg8 26. Qxd5 Nf5 27. Qe4
Qc7 28. Kh3 b5 29. axb5 axb5 30. Qe5 Qc6 31. Be4 Qd7 32. Bxf5 exf5 33. Kg3 b4
34. Rad1 bxc3 35. bxc3 Rbc8 36. d5 Rc5 37. f3 Rxd5 38. Rxd5 Qxd5 39. Qxd5 Rxd5
40. Re8+ Kg7 41. Rc8 Rd2 42. Kf4 Rh2 43. Kg3 Rc2 44. c4 Rc1 45. Kf4 Rh1 46. Kg3
Rg1+ 47. Kf4 Rh1 48. Kg3 Rg1+ 49. Kh2 Rc1 50. c5 f4 51. c6 Rc2+ 52. Kg1 Re2 53.
Kf1 Re3 54. Kf2 Re6 55. Kg2 Re2+ 56. Kg1 Re3 57. Kf2 Re6 58. c7 Rc6 59. Ke2 Rc3
60. Kd2 Rc4 61. Kd3 Rc1 62. Kd4 Rc2 63. Ke5 Rc1 64. Kxf4 Rc4+ 65. Ke5 Rc1 66.
f4 Re1+ 67. Kd4 Rc1 68. Ke3 Rc6 69. Kd4 Rc1 70. f5 gxf5 71. Ke5 Re1+ 72. Kxf5
Rc1 73. Ke5 Re1+ 74. Kd6 Rd1+ 75. Ke7 Re1+ 76. Kd8 Rd1+ 77. Ke8 Re1+ 78. Kd8
Rd1+ 79. Ke8 Re1+ 1/2-1/2

[Event "US Masters"]
[Site "Charlotte USA"]
[Date "2022.11.27"]
[Round "9.6"]
[White "Cervantes Landeiro, Thalia"]
[Black "Hambleton, Aman"]
[Result "1/2-1/2"]
[WhiteElo "2309"]
[BlackElo "2437"]
[PlyCount "99"]
[EventDate "2022.11.23"]
[EventType "swiss"]
[EventRounds "9"]
[EventCountry "USA"]
[Source "ChessMix"]
[SourceDate "2022.12.01"]

1. d4 Nf6 2. c4 e6 3. Nf3 b6 4. g3 Ba6 5. Qa4 Bb7 6. Bg2 c5 7. dxc5 Bxc5 8. O-O
O-O 9. Nc3 Be7 10. Rd1 a6 11. Bf4 d6 12. Rd2 Qc7 13. Rad1 e5 14. Bg5 Nbd7 15.
Bxf6 Nxf6 16. Nh4 g6 17. Bxb7 Qxb7 18. Ng2 b5 19. Qb3 Rab8 20. cxb5 axb5 21.
Ne3 Rfc8 22. Ned5 Nxd5 23. Rxd5 Rc5 24. Ne4 Rxd5 25. Rxd5 Qc6 26. a4 Qc4 27.
Qxc4 bxc4 28. Rb5 Ra8 29. Nc3 f5 30. Nd5 Bd8 31. Rb4 Rc8 32. Ne3 c3 33. bxc3
Kf7 34. c4 Ke6 35. Kg2 Ba5 36. Rb7 f4 37. gxf4 exf4 38. Nd5 Rxc4 39. e4 Rxe4
40. Kf3 Kxd5 41. Rb5+ Kd4 42. Rxa5 d5 43. Ra7 h6 44. Ra6 g5 45. Rxh6 Ke5 46. h4
gxh4 47. Rh5+ Ke6 48. Rxh4 Rxa4 49. Rxf4 Rxf4+ 50. Kxf4 1/2-1/2

[Event "Titled Tuesday 2022.11.22 Early"]
[Site "chess.com INT"]
[Date "2022.11.22"]
[Round "7"]
[White "Hambleton, Aman"]
[Black "Kouskoutis, Georgios-Alexandros"]
[Result "1-0"]
[WhiteElo "2437"]
[BlackElo "2279"]
[PlyCount "73"]
[EventDate "2022.11.22"]
[EventType "swiss (blitz)"]
[EventRounds "11"]
[EventCountry "NET"]
[Source "Mark Crowther"]
[SourceDate "2022.11.28"]

1. d4 Nf6 2. c4 e6 3. Nc3 Bb4 4. e3 O-O 5. Nge2 d5 6. a3 Be7 7. cxd5 exd5 8.
Nf4 c6 9. Bd3 Bd6 10. O-O Bxf4 11. exf4 b6 12. Re1 Ba6 13. Bc2 Nbd7 14. f5 Re8
15. Bf4 Rxe1+ 16. Qxe1 Qf8 17. f3 c5 18. Qd2 cxd4 19. Qxd4 Qc5 20. Rd1 Bb7 21.
g4 h6 22. Bb3 Rc8 23. Qxc5 Nxc5 24. Bxd5 Nxd5 25. Nxd5 Re8 26. Kf2 Na4 27. Nc7
Re7 28. f6 gxf6 29. Rd8+ Kh7 30. Ne8 Re6 31. Nd6 Ba6 32. Rd7 Nxb2 33. Rxf7+ Kg8
34. Rd7 Nd3+ 35. Kg3 Nxf4 36. Kxf4 Bf1 37. Nf5 1-0

[Event "Titled Tuesday 2022.11.15 Early"]
[Site "chess.com INT"]
[Date "2022.11.15"]
[Round "6"]
[White "Shimanov, A."]
[Black "Hambleton, Aman"]
[Result "1-0"]
[WhiteElo "2581"]
[BlackElo "2437"]
[PlyCount "57"]
[EventDate "2022.11.15"]
[EventType "swiss (blitz)"]
[EventRounds "11"]
[EventCountry "NET"]
[Source "Mark Crowther"]
[SourceDate "2022.11.21"]

1. e4 e6 2. d4 d5 3. Nc3 Bb4 4. Nge2 Nc6 5. a3 Ba5 6. b4 Bb6 7. Be3 Nf6 8. e5
Ng4 9. Qd2 f6 10. exf6 Qxf6 11. Rd1 O-O 12. f4 Nxe3 13. Qxe3 Bd7 14. g3 h6 15.
Bh3 Rae8 16. Qd3 Ne7 17. O-O Qf7 18. Kh1 Nf5 19. Nb1 a5 20. Nd2 axb4 21. axb4
Ra8 22. Nf3 Nd6 23. Ne5 Qe8 24. Nc3 Ne4 25. Nxe4 dxe4 26. Qxe4 c6 27. c4 Bc8
28. Rfe1 Ra3 29. d5 1-0

[Event "Titled Tuesday 2022.11.15 Late"]
[Site "chess.com INT"]
[Date "2022.11.15"]
[Round "7"]
[White "Hambleton, Aman"]
[Black "Dzierzak, Radoslaw"]
[Result "1-0"]
[WhiteElo "2437"]
[BlackElo "2211"]
[PlyCount "65"]
[EventDate "2022.11.15"]
[EventType "swiss (blitz)"]
[EventRounds "11"]
[EventCountry "NET"]
[Source "Mark Crowther"]
[SourceDate "2022.11.21"]

1. d4 Nf6 2. c4 e6 3. Nc3 Bb4 4. Qc2 O-O 5. Nf3 c5 6. dxc5 Na6 7. g3 Nxc5 8.
Bg2 b6 9. O-O Bb7 10. Bf4 d6 11. Nb5 e5 12. Bg5 a6 13. a3 axb5 14. axb4 Nce4
15. cxb5 Rc8 16. Qb3 Bd5 17. Qe3 Ng4 18. Qd3 Nxg5 19. Nxg5 Qxg5 20. Qxd5 Rfd8
21. e3 Nf6 22. Qd2 d5 23. Ra6 d4 24. Rxb6 dxe3 25. Qxe3 Qxe3 26. fxe3 Rc2 27.
Rc6 Rxb2 28. Rc4 h6 29. b6 Rdd2 30. Bh1 e4 31. b7 Rd8 32. Rc8 Rbd2 33. b8=Q 1-0

[Event "Titled Tuesday 2022.11.15 Late"]
[Site "chess.com INT"]
[Date "2022.11.15"]
[Round "10"]
[White "Hambleton, Aman"]
[Black "Badelka, Olga"]
[Result "1-0"]
[WhiteElo "2437"]
[BlackElo "2416"]
[PlyCount "85"]
[EventDate "2022.11.15"]
[EventType "swiss (blitz)"]
[EventRounds "11"]
[EventCountry "NET"]
[Source "Mark Crowther"]
[SourceDate "2022.11.21"]

1. d4 Nf6 2. c4 e6 3. Nc3 Bb4 4. Qc2 d6 5. e4 Nbd7 6. Bd3 e5 7. Nge2 exd4 8.
Nxd4 Nc5 9. O-O Nxd3 10. Qxd3 h6 11. Nc2 Bxc3 12. Qxc3 O-O 13. f3 b5 14. cxb5
a6 15. bxa6 Bxa6 16. Rd1 Qe7 17. b3 Nh5 18. Bb2 f5 19. Re1 Nf4 20. Kh1 fxe4 21.
Rxe4 Qg5 22. Qd2 Bb7 23. Re3 Kh7 24. Rae1 Rae8 25. Nd4 Rxe3 26. Rxe3 Nxg2 27.
Qc2+ Kh8 28. Nf5 Qxf5 29. Qxg2 Bxf3 30. Rxf3 Qxf3 31. Bxg7+ Kh7 32. Bxf8 Qxf8
33. Qe4+ Kh8 34. Kg2 Qg7+ 35. Kf3 Qc3+ 36. Qe3 Qf6+ 37. Kg3 Qg6+ 38. Kf3 Qf6+
39. Ke4 Qe5+ 40. Kd3 Qf5+ 41. Kc3 Qa5+ 42. Kb2 Kh7 43. a4 1-0